[Event "12th Arad Open 2019"]
[Site "Arad"]
[Date "2019.07.27"]
[Round "5.33"]
[White "Ghimpu, Samuel-Timotei"]
[Black "Morariu, Daniel"]
[Result "1-0"]
[WhiteElo "2193"]
[BlackElo "1732"]
[Annotator "NA"]
[PlyCount "107"]
[EventDate "2019.07.24"]
[EventType "swiss"]
[EventCountry "ROU"]
[SourceTitle "playchess.com"]
[Source "ChessBase"]
[SourceQuality "1"]
[TimeControl "40/5400+30:900+30"]

1. e4 {[%emt 0:00:00]} c5 {[%emt 0:00:00]} 2. Nf3 {[%emt 0:00:05]} e6 {[%emt 0:00:00]} 3. b3 {[%emt 0:00:15]} Nc6 {[%emt 0:01:01]} 4. Bb2 {[%emt 0:00:04]} Nf6 {[%emt 0:01:29]} 5. e5 {[%emt 0:00:09]} Nd5 {[%emt 0:00:28]} 6. Nc3 {[%emt 0:00:04]} Nxc3 {[%emt 0:04:54]} 7. dxc3 {[%emt 0:00:36]} Qc7 {[%emt 0:01:42]} 8. c4 {[%emt 0:00:08]} b6 {[%emt 0:04:12]} 9. Bd3 {[%emt 0:01:47]} h6 {[%emt 0:00:56]} 10. Qe2 {[%emt 0:00:53]} Bb7 {[%emt 0:00:31]} 11. a3 {[%emt 0:08:51]} g5 {[%emt 0:08:49]} 12. O-O-O {[%emt 0:05:40]} O-O-O {[%emt 0:01:14]} 13. Kb1 {[%emt 0:00:52]} Be7 {[%emt 0:06:32]} 14. Rhe1 {[%emt 0:06:04]} Rhf8 {[%emt 0:03:51]} 15. Nd2 {[%emt 0:05:07]} f6 {[%emt 0:03:18]} 16. exf6 {[%emt 0:01:31]} Bxf6 {[%emt 0:00:41]} 17. Bxf6 {[%emt 0:00:07]} Rxf6 {[%emt 0:00:10]} 18. Ne4 {[%emt 0:00:06]} Nd4 {[%emt 0:01:35]} 19. Qh5 {[%emt 0:00:10]} Bxe4 {[%emt 0:01:07]} 20. Bxe4 {[%emt 0:00:01]} d5 {[%emt 0:03:21]} 21. Bd3 {[%emt 0:10:53]} Kb8 {[%emt 0:06:18]} 22. f3 {[%emt 0:01:50]} dxc4 {[%emt 0:08:52]} 23. Bxc4 {[%emt 0:01:24]} b5 {[%emt 0:00:17]} 24. Bf1 {[%emt 0:01:41]} e5 {[%emt 0:13:43]} 25. h4 {[%emt 0:00:39]} Rg8 {[%emt 0:03:23]} 26. hxg5 {[%emt 0:02:38]} hxg5 {[%emt 0:02:25]} 27. Re3 {[%emt 0:01:28]} c4 {[%emt 0:06:11]} 28. b4 {[%emt 0:20:06]} Kb7 {[%emt 0:06:54]} 29. Rde1 {[%emt 0:08:27]} Nc6 {[%emt 0:00:50]} 30. g3 {[%emt 0:00:35]} Rgg6 {[%emt 0:04:35]} 31. f4 {[%emt 0:05:44]} exf4 {[%emt 0:01:44]} 32. gxf4 {[%emt 0:00:09]} Qxf4 {[%emt 0:02:20]} 33. Bg2 {[%emt 0:00:49]} Kb6 {[%emt 0:00:37]} 34. Qh8 {[%emt 0:05:50]} Rf8 {[%emt 0:01:40]} 35. Qh7 {[%emt 0:00:06]} Qf7 {[%emt 0:00:54]} 36. Qh5 {[%emt 0:00:37]} Rg7 {[%emt 0:00:45]} 37. Qh2 {[%emt 0:02:50]} Qf4 {[%emt 0:00:28]} 38. Qh6 {[%emt 0:00:52]} Qf6 {[%emt 0:00:13]} 39. Re6 {[%emt 0:00:23]} Qxh6 {[%emt 0:00:32]} 40. Rxh6 {[%emt 0:00:00]} Rc7 {[%emt 0:00:00]} 41. Ree6 {[%emt 0:00:11]} Rfc8 {[%emt 0:01:54]} 42. Kc1 {[%emt 0:00:47]} c3 {[%emt 0:05:05]} 43. Kb1 {[%emt 0:00:13]} a5 {[%emt 0:00:23]} 44. Ka2 {[%emt 0:01:27]} a4 {[%emt 0:02:44]} 45. Kb1 {[%emt 0:00:06]} Kb7 {[%emt 0:02:51]} 46. Kc1 {[%emt 0:03:10]} g4 {[%emt 0:01:01]} 47. Rhg6 {[%emt 0:00:11]} Kb6 {[%emt 0:02:54]} 48. Rd6 {[%emt 0:00:46]} g3 {[%emt 0:01:34]} 49. Kd1 {[%emt 0:00:26]} Kb7 {[%emt 0:01:54]} 50. Ke2 {[%emt 0:00:31]} Re7+ {[%emt 0:00:32]} 51. Kd3 {[%emt 0:00:01]} Rec7 {[%emt 0:00:35]} 52. Kxc3 {[%emt 0:00:06]} Kb6 {[%emt 0:00:16]} 53. Kd3 {[%emt 0:00:11]} Kb7 {[%emt 0:00:31]} 54. c4 {[%emt 0:00:27]} 1-0

[Event "12th Arad Open 2019"]
[Site "Arad"]
[Date "2019.07.27"]
[Round "5.34"]
[White "Bucur, Denisa-Andreea"]
[Black "Bulau, Andrei-Cristian"]
[Result "1/2-1/2"]
[WhiteElo "1943"]
[BlackElo "2169"]
[Annotator "NA"]
[PlyCount "33"]
[EventDate "2019.07.24"]
[EventType "swiss"]
[EventCountry "ROU"]
[SourceTitle "playchess.com"]
[Source "ChessBase"]
[SourceQuality "1"]
[TimeControl "40/5400+30:900+30"]

1. d4 {[%emt 0:00:00]} d5 {[%emt 0:00:00]} 2. c4 {[%emt 0:00:00]} e6 {[%emt 0:00:00]} 3. Nf3 {[%emt 0:00:01]} c6 {[%emt 0:00:02]} 4. Qc2 {[%emt 0:01:23]} Nf6 {[%emt 0:00:31]} 5. g3 {[%emt 0:00:32]} Be7 {[%emt 0:02:15]} 6. Bg2 {[%emt 0:00:39]} O-O {[%emt 0:00:08]} 7. O-O {[%emt 0:00:10]} Ne4 {[%emt 0:04:32]} 8. Nbd2 {[%emt 0:02:27]} f5 {[%emt 0:02:39]} 9. b3 {[%emt 0:04:50]} Nd7 {[%emt 0:01:07]} 10. a4 {[%emt 0:04:23]} Bf6 {[%emt 0:05:44]} 11. Bb2 {[%emt 0:04:20]} g5 {[%emt 0:13:29]} 12. Rfd1 {[%emt 0:02:35]} g4 {[%emt 0:12:19]} 13. Ne5 {[%emt 0:07:23]} Nxd2 {[%emt 0:08:45]} 14. Qxd2 {[%emt 0:13:37]} Bg5 {[%emt 0:03:27]} 15. Qc2 {[%emt 0:01:34]} Nxe5 {[%emt 0:00:41]} 16. dxe5 {[%emt 0:00:03]} Qe8 {[%emt 0:01:44]} 17. Bc1 {[%emt 0:16:53]} 1/2-1/2

[Event "12th Arad Open 2019"]
[Site "Arad"]
[Date "2019.07.27"]
[Round "5.35"]
[White "Pavlenko, Bogdan"]
[Black "Talmaci, Chiril"]
[Result "1-0"]
[WhiteElo "2164"]
[BlackElo "1731"]
[Annotator "NA"]
[PlyCount "57"]
[EventDate "2019.07.24"]
[EventType "swiss"]
[EventCountry "ROU"]
[SourceTitle "playchess.com"]
[Source "ChessBase"]
[SourceQuality "1"]
[TimeControl "40/5400+30:900+30"]

1. g3 {[%emt 0:00:00]} d5 {[%emt 0:00:00]} 2. Nf3 {[%emt 0:00:00]} Nf6 {[%emt 0:00:00]} 3. Bg2 {[%emt 0:00:00]} Bf5 {[%emt 0:00:00]} 4. O-O {[%emt 0:00:02]} e6 {[%emt 0:00:04]} 5. d3 {[%emt 0:00:09]} h6 {[%emt 0:00:07]} 6. c4 {[%emt 0:00:23]} c6 {[%emt 0:00:13]} 7. Be3 {[%emt 0:00:20]} Nbd7 {[%emt 0:01:12]} 8. Qb3 {[%emt 0:06:43]} Qb8 {[%emt 0:00:46]} 9. Bf4 {[%emt 0:02:16]} e5 {[%emt 0:10:30]} 10. Nxe5 {[%emt 0:01:47]} Nxe5 {[%emt 0:02:08]} 11. d4 {[%emt 0:02:06]} dxc4 {[%emt 0:02:13]} 12. Qa4 {[%emt 0:04:15]} Nfd7 {[%emt 0:06:47]} 13. dxe5 {[%emt 0:11:50]} Nb6 {[%emt 0:00:18]} 14. Qa5 {[%emt 0:02:14]} Be6 {[%emt 0:01:26]} 15. Nc3 {[%emt 0:05:53]} Be7 {[%emt 0:03:10]} 16. e4 {[%emt 0:03:07]} Nd7 {[%emt 0:03:10]} 17. Nd5 {[%emt 0:05:04]} Bd8 {[%emt 0:07:19]} 18. Qa3 {[%emt 0:06:24]} g5 {[%emt 0:03:26]} 19. Bd2 {[%emt 0:06:34]} cxd5 {[%emt 0:04:02]} 20. exd5 {[%emt 0:00:21]} Bf5 {[%emt 0:01:27]} 21. Bc3 {[%emt 0:00:55]} Rg8 {[%emt 0:07:08]} 22. Rfe1 {[%emt 0:00:44]} Rg6 {[%emt 0:12:14]} 23. Rad1 {[%emt 0:03:41]} Qc8 {[%emt 0:08:37]} 24. e6 {[%emt 0:02:03]} fxe6 {[%emt 0:00:41]} 25. dxe6 {[%emt 0:00:57]} Nb6 {[%emt 0:12:06]} 26. e7 {[%emt 0:02:14]} Bc7 {[%emt 0:00:07]} 27. Rd8+ {[%emt 0:01:03]} Qxd8 {[%emt 0:03:23]} 28. exd8=Q+ {[%emt 0:00:36]} Kxd8 {[%emt 0:00:03]} 29. Qf8+ {[%emt 0:00:40]} 1-0

[Event "12th Arad Open 2019"]
[Site "Arad"]
[Date "2019.07.27"]
[Round "5.36"]
[White "Ciorica, Mihai-Vlad"]
[Black "Tinica, Gabriel"]
[Result "1/2-1/2"]
[WhiteElo "2110"]
[BlackElo "1712"]
[Annotator "NA"]
[PlyCount "152"]
[EventDate "2019.07.24"]
[EventType "swiss"]
[EventCountry "ROU"]
[SourceTitle "playchess.com"]
[Source "ChessBase"]
[SourceQuality "1"]
[TimeControl "40/5400+30:900+30"]

1. d4 {[%emt 0:00:00]} Nf6 {[%emt 0:00:00]} 2. c4 {[%emt 0:00:02]} c5 {[%emt 0:00:01]} 3. d5 {[%emt 0:00:06]} b5 {[%emt 0:00:04]} 4. Qc2 {[%emt 0:00:15]} bxc4 {[%emt 0:00:23]} 5. e4 {[%emt 0:00:06]} d6 {[%emt 0:00:08]} 6. Bxc4 {[%emt 0:00:06]} g6 {[%emt 0:00:31]} 7. Nf3 {[%emt 0:00:25]} Bg7 {[%emt 0:01:03]} 8. O-O {[%emt 0:00:25]} O-O {[%emt 0:00:21]} 9. Nc3 {[%emt 0:01:21]} Nbd7 {[%emt 0:03:44]} 10. Re1 {[%emt 0:00:59]} Nb6 {[%emt 0:01:45]} 11. Bf1 {[%emt 0:00:26]} e6 {[%emt 0:03:20]} 12. dxe6 {[%emt 0:03:32]} Bxe6 {[%emt 0:00:57]} 13. h3 {[%emt 0:01:00]} d5 {[%emt 0:18:36]} 14. e5 {[%emt 0:04:23]} Nfd7 {[%emt 0:06:12]} 15. Bg5 {[%emt 0:03:42]} Qc7 {[%emt 0:06:07]} 16. Nb5 {[%emt 0:02:18]} Qb7 {[%emt 0:00:44]} 17. Be7 {[%emt 0:06:54]} Nxe5 {[%emt 0:00:19]} 18. Bxf8 {[%emt 0:00:26]} Nxf3+ {[%emt 0:00:04]} 19. gxf3 {[%emt 0:00:07]} Bxf8 {[%emt 0:00:15]} 20. Nc3 {[%emt 0:02:12]} Qe7 {[%emt 0:00:48]} 21. f4 {[%emt 0:12:40]} Qh4 {[%emt 0:01:51]} 22. Qd3 {[%emt 0:02:35]} Qxf4 {[%emt 0:02:10]} 23. Qg3 {[%emt 0:01:20]} Qf6 {[%emt 0:03:41]} 24. Rad1 {[%emt 0:07:16]} Rd8 {[%emt 0:05:49]} 25. Bg2 {[%emt 0:01:24]} Bh6 {[%emt 0:10:11]} 26. Qc7 {[%emt 0:03:39]} Bf4 {[%emt 0:10:06]} 27. Qxc5 {[%emt 0:17:40]} Qg5 {[%emt 0:07:08]} 28. Rd3 {[%emt 0:05:35]} Rc8 {[%emt 0:00:39]} 29. Qb5 {[%emt 0:04:07]} Bd7 {[%emt 0:04:06]} 30. Qa6 {[%emt 0:01:36]} Bf5 {[%emt 0:02:36]} 31. Rf3 {[%emt 0:04:46]} d4 {[%emt 0:01:13]} 32. Ne2 {[%emt 0:02:28]} Be4 {[%emt 0:00:48]} 33. Nxd4 {[%emt 0:00:05]} Bxf3 {[%emt 0:00:57]} 34. Nxf3 {[%emt 0:00:02]} Qc5 {[%emt 0:00:58]} 35. Qxa7 {[%emt 0:01:16]} Ra8 {[%emt 0:00:34]} 36. Qb7 {[%emt 0:07:51]} Bg3 {[%emt 0:01:00]} 37. Rf1 {[%emt 0:02:26]} Rxa2 38. Ne1 {[%emt 0:02:16]} Bc7 {[%emt 0:02:00]} 39. Nd3 {[%emt 0:00:15]} Qd6 {[%emt 0:00:04]} 40. Rc1 {[%emt 0:00:00]} Qxd3 {[%emt 0:00:00]} 41. Qxc7 {[%emt 0:01:19]} Qd4 {[%emt 0:06:04]} 42. Qc3 {[%emt 0:01:36]} Qxc3 {[%emt 0:01:13]} 43. bxc3 {[%emt 0:00:06]} Na4 {[%emt 0:00:08]} 44. c4 {[%emt 0:01:56]} Nc5 {[%emt 0:00:04]} 45. Rd1 {[%emt 0:02:18]} Rc2 {[%emt 0:00:28]} 46. Bd5 {[%emt 0:01:01]} Ne6 {[%emt 0:01:06]} 47. Bxe6 {[%emt 0:01:49]} fxe6 {[%emt 0:00:05]} 48. Rd4 {[%emt 0:00:07]} Kf7 {[%emt 0:00:10]} 49. Kg2 {[%emt 0:00:59]} e5 {[%emt 0:00:27]} 50. Rd7+ {[%emt 0:00:49]} Ke6 {[%emt 0:00:25]} 51. Rc7 {[%emt 0:00:37]} Rc3 {[%emt 0:02:03]} 52. c5 {[%emt 0:00:19]} g5 {[%emt 0:00:49]} 53. c6 {[%emt 0:00:34]} h5 {[%emt 0:00:57]} 54. Rc8 {[%emt 0:00:22]} Kf7 {[%emt 0:00:05]} 55. c7 {[%emt 0:00:47]} Kg7 {[%emt 0:00:03]} 56. Kf1 {[%emt 0:02:31]} e4 {[%emt 0:00:08]} 57. Ke2 {[%emt 0:00:10]} Rc2+ {[%emt 0:00:55]} 58. Ke3 {[%emt 0:00:06]} Rc4 {[%emt 0:00:03]} 59. Kd2 {[%emt 0:03:13]} Rc6 {[%emt 0:00:13]} 60. Ke3 {[%emt 0:02:28]} Rc4 {[%emt 0:00:05]} 61. Re8 {[%emt 0:01:53]} Rxc7 {[%emt 0:00:10]} 62. Kxe4 {[%emt 0:00:09]} Rc2 {[%emt 0:01:20]} 63. Kf5 {[%emt 0:00:21]} Rxf2+ {[%emt 0:00:10]} 64. Kxg5 {[%emt 0:00:06]} Rh2 {[%emt 0:00:09]} 65. h4 {[%emt 0:00:22]} Rh1 {[%emt 0:00:26]} 66. Re7+ {[%emt 0:00:20]} Kh8 {[%emt 0:00:50]} 67. Kg6 {[%emt 0:00:54]} Rg1+ {[%emt 0:00:08]} 68. Kh6 {[%emt 0:00:20]} Rg2 {[%emt 0:00:16]} 69. Rh7+ {[%emt 0:01:47]} Kg8 {[%emt 0:00:13]} 70. Ra7 {[%emt 0:00:05]} Kh8 {[%emt 0:00:07]} 71. Ra5 {[%emt 0:00:48]} Rg3 {[%emt 0:00:38]} 72. Kxh5 {[%emt 0:00:09]} Rg1 {[%emt 0:00:13]} 73. Rg5 {[%emt 0:00:27]} Rxg5+ {[%emt 0:00:12]} 74. hxg5 {[%emt 0:00:05]} Kh7 {[%emt 0:00:06]} 75. g6+ {[%emt 0:00:06]} Kg7 {[%emt 0:00:04]} 76. Kg5 {[%emt 0:00:03]} Kg8 {[%emt 0:00:07]} 1/2-1/2

[Event "12th Arad Open 2019"]
[Site "Arad"]
[Date "2019.07.27"]
[Round "5.37"]
[White "Mihalca, Imre-Gheorghe"]
[Black "Chima, Radu-Niculin"]
[Result "1/2-1/2"]
[WhiteElo "1735"]
[BlackElo "2105"]
[Annotator "TA"]
[PlyCount "244"]
[EventDate "2019.07.24"]
[EventType "swiss"]
[EventCountry "ROU"]
[SourceTitle "playchess.com"]
[Source "ChessBase"]
[SourceQuality "1"]

{[%evp 9,243,-42,-35,-44,-47,-69,-57,-58,0,-26,-29,-51,-10,-34,-18,-17,-27,-66,-55,-62,-48,-69,-72,-102,-99,-97,-48,-104,-95,-92,-91,-118,-125,-116,-113,-127,-102,-103,-100,-104,-28,-17,-19,-31,-25,-93,-93,-95,-11,-11,-11,-11,-11,-11,-11,-11,-11,-11,-11,-11,-11,-11,-11,-16,-11,-11,-11,-11,-11,-11,0,-11,0,0,0,-11,-11,-11,-11,-36,0,0,0,0,0,-18,-23,-47,-8,-8,-8,-9,0,0,0,0,0,0,0,0,0,0,0,-8,0,0,4,-58,-60,-235,-8,-176,-8,-8,-8,-8,-8,-8,-8,-8,-8,-8,-8,-8,-8,-8,-8,-8,-8,-8,0,-8,-8,-8,-8,-8,-8,-8,0,-8,-8,-8,-8,-8,-8,-8,-8,-8,-8,-8,-8,-8,-8,-8,-8,-8,-8,-8,-8,-8,-8,-8,-8,-8,-7,-8,-8,-8,-8,-8,-8,-8,-8,-8,-8,-8,-8,-8,-8,-8,-8,-29969,-29970,-29972,-29973,-29972,-29974,-29974,-29975,-29976,-29977,-29973,-29976,-29981,-29982,-29982,-29980,-29980,-29980,-29980,-29981,-29981,-29980,-29982,-29982,-29983,-29980,-29984,-29979,-29985,-29985,-29987,-29988,-29988,-29989,-29989,-29988,-29988,-29979,-29977,-29979,-29979,-29979,-29980,-29978,-29978,-29979,-29979,-29980,-29980,-29978,-12791,-29979,-29979,-29980,-29979]} 1. d4 d5 2. e3 Nf6 3. Bd3 c5 4. c3 Nc6 5. Nd2 e5 {[%cal Rc5d4]} (5... cxd4 6. exd4 Bg4 7. f3 Bh5 8. Ne2 Bg6 9. Nf4 e6 10. Nf1 Bd6 11. Ng3 Qc7 12. Nge2 O-O 13. O-O Bxd3 14. Qxd3 {0-1 (57) Mamedjarova,Z (2363)-Nechaeva,M (2424) Riadh 2017}) 6. dxe5 {D00: 1 d4 d5: Unusual lines} Nxe5 7. Be2 Bd6 8. Ngf3 {Black is slightly better.} Nc6 (8... O-O $15) 9. O-O O-O 10. b3 $146 ({Predecessor:} 10. Qc2 Re8 11. Bd3 Bg4 12. b3 Qd7 13. Bb2 {1-0 (47) Ramirez de la Piscina G,J (1656)-Lopez Ziegler,C (1953) Madrid 2016}) 10... Qe7 11. Bb2 Re8 $36 {[%mdl 2048] Black has some pressure.} 12. Re1 Bf5 13. Nf1 Rad8 14. Ng3 Bc8 15. Bd3 {[#]} c4 $1 {[%mdl 512]} 16. Nf5 (16. bxc4 dxc4) 16... Bxf5 17. Bxf5 g6 18. Bh3 (18. Bc2 $15) 18... Ne4 $17 19. g3 Qf6 {Strongly threatening ...Ne5.} 20. Bg2 Ne5 21. Qe2 Nd3 {[%mdl 64] Double Attack} 22. Rf1 Nxc3 23. Qc2 Nxb2 24. Qxb2 Ne4 (24... b5 $17 {Threatens to win with ...b4.} 25. a3 Bc5) 25. Qxf6 $11 Nxf6 26. bxc4 $1 dxc4 27. Rac1 (27. Rab1 $11) 27... b5 $17 {[#]} 28. a4 $1 {[%mdl 512]} a6 (28... bxa4 $17 {And now ...Rc8 would win.} 29. Rxc4 a3) 29. axb5 $11 axb5 {Hoping for ...Bc5.} 30. Nd4 Rb8 {White must now prevent ...Rec8.} 31. Bc6 $1 Re5 {next ...Bc5 is good for Black.} 32. Bxb5 Rexb5 33. Nxb5 Rxb5 34. Rxc4 Kg7 35. Kg2 $1 Rb2 36. Rfc1 h5 37. h3 Be5 38. R1c2 Rb3 39. Ra4 Rd3 40. Rca2 Nd5 41. R4a3 Rd1 42. Ra7 Nb4 43. Re2 Nd3 44. Ra5 f5 45. Raa2 Ne1+ 46. Kf1 Bc3 47. f4 Nd3+ 48. Kg2 Nc5 {[#]} (48... Kh6 $5 {[%cal Rd3c1]} 49. Ra6 Bb4 $11) 49. g4 $1 {[%mdl 512]} hxg4 (49... fxg4 50. hxg4) 50. hxg4 fxg4 51. Kg3 $1 Rg1+ 52. Rg2 Re1 53. Rge2 Rg1+ 54. Rg2 Ne4+ 55. Kxg4 Rf1 56. Rac2 Nf6+ 57. Kh3 Nd5 58. Rge2 ({Better is} 58. Rg5 $11 Rf3+ 59. Rg3) 58... Rf3+ $15 {[%mdl 64] Double Attack} 59. Kh2 $2 (59. Kg4 $1 $15 Rxe3 60. f5) 59... Kf6 $2 ({Black should play} 59... Nxe3 $19 60. Ra2 Bd4) 60. Rc1 $2 (60. Kg1 $11) 60... Bb4 $2 ({Black should try} 60... Nxe3 $19 {...Bd4 is the strong threat.} 61. Ra2 Kf5) 61. Kg2 $11 Rxe3 62. Rxe3 Nxe3+ 63. Kf3 Nd5 64. Kg4 Bd2 65. Rc6+ Kf7 66. Rd6 Nf6+ 67. Kf3 Bc1 68. Ra6 Nd5 69. Ra4 Ke6 70. Kg4 Kf6 71. Re4 Bb2 72. Re1 Bc3 73. Re4 Bb2 74. Re1 Bd4 75. Re4 Ne3+ 76. Kf3 Nf5 77. Re8 Bc5 78. Kg4 Ng7 79. Re5 Bd6 80. Re4 $1 Nf5 81. Re1 Nh6+ 82. Kf3 Kf5 83. Re4 $1 Ng8 84. Rd4 Ke6 85. Re4+ Kd5 86. Re1 Ne7 87. Rg1 Ke6 88. Ke4 Kf6 89. Rd1 Nf5 90. Rg1 Bc5 91. Rg2 Bf8 92. Rg1 Nd6+ 93. Kf3 Bh6 94. Rg2 Kf5 95. Rxg6 $2 {[%mdl 8192]} (95. Rg4 $11) 95... Kxg6 96. Kg4 Kf6 97. Kg3 Kf5 98. Kf3 Bxf4 99. Kf2 Ke4 100. Kg2 Nf5 101. Kh3 Ne3 102. Kh4 Kf5 103. Kh3 Bd6 104. Kh4 Kf4 105. Kh3 Kf3 106. Kh4 Bf4 107. Kh3 Nd1 108. Kh4 Nf2 109. Kh5 Ke4 110. Kh4 Kf5 111. Kh5 Bg3 112. Kh6 Nh3 113. Kg7 Bd6 114. Kf7 Ng5+ 115. Ke8 Ke6 116. Kd8 Ne4 117. Kc8 Nc5 118. Kd8 Bf4 119. Kc8 Kd6 120. Kb8 Kc6+ 121. Ka7 Ne6 122. Ka8 Kb6 {Accuracy: White = 62%, Black = 49%.} 1/2-1/2

[Event "12th Arad Open 2019"]
[Site "Arad"]
[Date "2019.07.27"]
[Round "5.38"]
[White "Avramescu, Paul-Mihai"]
[Black "Dospin, Florin-Andrei"]
[Result "1-0"]
[WhiteElo "2061"]
[BlackElo "1617"]
[Annotator "NA"]
[PlyCount "41"]
[EventDate "2019.07.24"]
[EventType "swiss"]
[EventCountry "ROU"]
[SourceTitle "playchess.com"]
[Source "ChessBase"]
[SourceQuality "1"]
[TimeControl "40/5400+30:900+30"]

1. d4 {[%emt 0:00:00]} Nf6 {[%emt 0:00:00]} 2. c4 {[%emt 0:00:00]} g6 {[%emt 0:00:01]} 3. Nc3 {[%emt 0:00:00]} d5 {[%emt 0:00:18]} 4. Qb3 {[%emt 0:00:00]} c6 {[%emt 0:02:12]} 5. cxd5 {[%emt 0:00:05]} Nxd5 {[%emt 0:00:28]} 6. e4 {[%emt 0:00:27]} Nxc3 {[%emt 0:00:22]} 7. bxc3 {[%emt 0:00:03]} Bg7 {[%emt 0:00:20]} 8. Nf3 {[%emt 0:01:11]} O-O {[%emt 0:00:20]} 9. Ba3 {[%emt 0:00:13]} Qc7 {[%emt 0:02:32]} 10. Be2 {[%emt 0:00:20]} Re8 {[%emt 0:02:32]} 11. O-O {[%emt 0:00:21]} e5 {[%emt 0:02:59]} 12. Rfe1 {[%emt 0:00:25]} Be6 {[%emt 0:01:22]} 13. d5 {[%emt 0:00:25]} cxd5 {[%emt 0:00:59]} 14. exd5 {[%emt 0:00:07]} Bg4 {[%emt 0:03:41]} 15. d6 {[%emt 0:00:55]} Qb6 {[%emt 0:02:07]} 16. Bb5 {[%emt 0:01:45]} Bd7 {[%emt 0:08:27]} 17. Rab1 {[%emt 0:02:12]} Bxb5 {[%emt 0:01:22]} 18. Ng5 {[%emt 0:01:57]} Nc6 {[%emt 0:01:30]} 19. Nxf7 {[%emt 0:01:45]} Bd3 {[%emt 0:04:21]} 20. Nh6+ {[%emt 0:00:13]} Kh8 {[%emt 0:00:24]} 21. Nf7+ 1-0

[Event "12th Arad Open 2019"]
[Site "Arad"]
[Date "2019.07.27"]
[Round "5.39"]
[White "Mihai, Cristian"]
[Black "Kutnik, Alexandru-Francisc"]
[Result "0-1"]
[WhiteElo "1903"]
[BlackElo "2043"]
[Annotator "NA"]
[PlyCount "166"]
[EventDate "2019.07.24"]
[EventType "swiss"]
[EventCountry "ROU"]
[SourceTitle "playchess.com"]
[Source "ChessBase"]
[SourceQuality "1"]
[TimeControl "40/5400+30:900+30"]

1. d4 {[%emt 0:00:22]} g6 {[%emt 0:01:00]} 2. c4 {[%emt 0:00:24]} Bg7 {[%emt 0:00:14]} 3. e4 {[%emt 0:00:25]} c5 {[%emt 0:00:16]} 4. d5 {[%emt 0:02:40]} d6 {[%emt 0:00:18]} 5. Ne2 {[%emt 0:03:30]} Nf6 {[%emt 0:00:08]} 6. Nbc3 {[%emt 0:00:06]} O-O {[%emt 0:00:08]} 7. Ng3 {[%emt 0:00:11]} e5 {[%emt 0:00:54]} 8. Be2 {[%emt 0:00:27]} Na6 {[%emt 0:01:17]} 9. h4 {[%emt 0:00:19]} h6 {[%emt 0:02:11]} 10. Be3 {[%emt 0:10:04]} Nc7 {[%emt 0:00:47]} 11. Qd2 {[%emt 0:19:58]} Kh7 {[%emt 0:02:40]} 12. f3 {[%emt 0:15:07]} a6 {[%emt 0:00:18]} 13. a4 {[%emt 0:00:06]} b6 {[%emt 0:00:02]} 14. h5 {[%emt 0:01:20]} g5 {[%emt 0:00:18]} 15. Nf5 {[%emt 0:00:13]} Bxf5 {[%emt 0:00:46]} 16. exf5 {[%emt 0:00:10]} Qd7 {[%emt 0:06:23]} 17. Bd3 {[%emt 0:06:40]} Rfb8 18. Kf2 {[%emt 0:17:50]} Qe7 {[%emt 0:24:31]} 19. g4 {[%emt 0:06:34]} Kh8 {[%emt 0:00:47]} 20. Be4 {[%emt 0:03:51]} Rb7 {[%emt 0:09:34]} 21. Rhb1 {[%emt 0:03:26]} Rab8 {[%emt 0:03:12]} 22. b3 {[%emt 0:02:51]} b5 {[%emt 0:00:35]} 23. Qc2 {[%emt 0:03:40]} Nd7 {[%emt 0:07:43]} 24. Ra2 {[%emt 0:01:10]} bxc4 {[%emt 0:03:50]} 25. bxc4 {[%emt 0:00:04]} Rxb1 {[%emt 0:00:27]} 26. Nxb1 {[%emt 0:00:01]} Rb4 {[%emt 0:00:43]} 27. Bd2 {[%emt 0:00:05]} a5 {[%emt 0:05:15]} 28. Bxb4 {[%emt 0:00:28]} cxb4 {[%emt 0:00:02]} 29. Nd2 {[%emt 0:00:08]} Na6 {[%emt 0:01:05]} 30. Nb3 {[%emt 0:00:36]} Qd8 {[%emt 0:00:03]} 31. Qd3 {[%emt 0:02:07]} Qc7 {[%emt 0:01:24]} 32. Kg2 {[%emt 0:00:29]} Bf8 {[%emt 0:00:35]} 33. Qe2 {[%emt 0:00:35]} Be7 {[%emt 0:00:12]} 34. Bd3 {[%emt 0:00:18]} f6 {[%emt 0:01:29]} 35. Bc2 {[%emt 0:00:30]} Bd8 {[%emt 0:00:12]} 36. c5 {[%emt 0:00:37]} Naxc5 {[%emt 0:00:43]} 37. Qb5 {[%emt 0:00:15]} Nxb3 {[%emt 0:01:38]} 38. Bxb3 {[%emt 0:00:00]} Nc5 {[%emt 0:00:14]} 39. Qe8+ {[%emt 0:00:16]} Kg7 {[%emt 0:00:38]} 40. Qg6+ {[%emt 0:00:00]} Kf8 {[%emt 0:00:00]} 41. Qxh6+ {[%emt 0:00:14]} Ke8 {[%emt 0:00:56]} 42. Qh8+ {[%emt 0:01:30]} Kd7 {[%emt 0:00:12]} 43. Qg7+ {[%emt 0:00:16]} Be7 {[%emt 0:00:19]} 44. h6 {[%emt 0:02:01]} Nxb3 {[%emt 0:00:54]} 45. h7 {[%emt 0:00:09]} Nc1 {[%emt 0:00:59]} 46. Rf2 {[%emt 0:02:54]} Nd3 {[%emt 0:00:26]} 47. h8=Q {[%emt 0:00:15]} Qc5 {[%emt 0:01:43]} 48. Qxe7+ {[%emt 0:06:02]} Kxe7 {[%emt 0:00:01]} 49. Qg7+ {[%emt 0:00:08]} Ke8 {[%emt 0:00:34]} 50. Qg8+ {[%emt 0:00:05]} Kd7 {[%emt 0:00:12]} 51. Qe6+ {[%emt 0:00:08]} Kc7 {[%emt 0:00:07]} 52. Qe7+ {[%emt 0:00:09]} Kc8 {[%emt 0:11:33]} 53. Qe8+ {[%emt 0:02:28]} Kb7 {[%emt 0:00:12]} 54. Qd7+ {[%emt 0:00:12]} Ka6 {[%emt 0:00:29]} 55. Rd2 {[%emt 0:00:48]} Ne1+ {[%emt 0:00:45]} 56. Kh3 {[%emt 0:00:11]} Nxf3 {[%emt 0:00:19]} 57. Qd8 {[%emt 0:00:51]} Kb7 {[%emt 0:01:15]} 58. Qd7+ {[%emt 0:00:09]} Qc7 {[%emt 0:00:34]} 59. Qb5+ {[%emt 0:00:06]} Ka7 {[%emt 0:00:09]} 60. Rg2 {[%emt 0:02:58]} Nd4 {[%emt 0:01:17]} 61. Qe8 {[%emt 0:00:01]} b3 {[%emt 0:03:40]} 62. Kh2 Qh7+ {[%emt 0:07:58]} 63. Qh5 {[%emt 0:01:57]} Qb7 {[%emt 0:00:13]} 64. Rb2 {[%emt 0:00:21]} Qxd5 {[%emt 0:00:13]} 65. Qh7+ {[%emt 0:00:15]} Qb7 {[%emt 0:00:38]} 66. Qg8 {[%emt 0:00:43]} d5 {[%emt 0:03:02]} 67. Qd8 {[%emt 0:00:09]} Ka6 {[%emt 0:00:47]} 68. Qd6+ {[%emt 0:00:08]} Qc6 {[%emt 0:00:06]} 69. Qd8 {[%emt 0:00:39]} e4 {[%emt 0:00:12]} 70. Kg2 {[%emt 0:00:46]} Qc3 {[%emt 0:06:17]} 71. Qa8+ {[%emt 0:00:12]} Kb6 {[%emt 0:00:09]} 72. Qb8+ {[%emt 0:00:12]} Kc5 {[%emt 0:00:08]} 73. Qa7+ {[%emt 0:00:36]} Kb4 {[%emt 0:00:16]} 74. Rf2 {[%emt 0:01:01]} e3 {[%emt 0:00:38]} 75. Qb7+ {[%emt 0:01:35]} Kxa4 {[%emt 0:00:45]} 76. Qd7+ {[%emt 0:00:20]} Qc6 {[%emt 0:00:14]} 77. Qa7 {[%emt 0:00:43]} Nb5 {[%emt 0:00:25]} 78. Qxe3 {[%emt 0:00:16]} d4+ {[%emt 0:00:08]} 79. Qf3 {[%emt 0:00:10]} Qxf3+ {[%emt 0:00:13]} 80. Kxf3 {[%emt 0:00:02]} Kb4 {[%emt 0:00:26]} 81. Ke4 {[%emt 0:00:26]} a4 {[%emt 0:00:13]} 82. Kd5 {[%emt 0:00:08]} a3 {[%emt 0:00:07]} 83. Ke6 {[%emt 0:01:12]} b2 {[%emt 0:00:13]} 0-1